[Event "Nicolo La Rosa op 15th"]
[Site "Mazara del Vallo"]
[Date "2007.08.10"]
[Round "1"]
[White "Marino, Davide"]
[Black "Carbone, Leonardo"]
[Result "1-0"]
[WhiteElo "1583"]
[BlackElo "1355"]
[PlyCount "89"]
[EventDate "2007.08.10"]
[EventType "swiss"]
[EventRounds "6"]
[EventCountry "ITA"]
[SourceTitle "EXT 2011"]
[Source "ChessBase"]
[SourceDate "2010.11.26"]
[SourceVersion "1"]
[SourceVersionDate "2010.11.26"]
[SourceQuality "1"]

1. e4 e5 2. Nf3 Nc6 3. Bc4 Nh6 4. d3 d6 5. Nc3 Be7 6. 0-0 0-0 7. Bxh6 gxh6 8. Qd2 Bg5 9. Nxg5 hxg5 10. Rfe1 Nd4 11. Re3 Ne6 12. Rg3 Kh8 13. Bxe6 Bxe6 14. d4 f6 15. dxe5 dxe5 16. Qxd8 Raxd8 17. Nb5 Bc4 18. Nxc7 Rd6 19. Rc3 Be2 20. h3 Rfd8 21. Nd5 Kg7 22. Rc7+ R8d7 23. Rxd7+ Rxd7 24. b3 Kg6 25. f3 f5 26. exf5+ Kxf5 27. Ne3+ Kf4 28. Kf2 e4 29. g3+ Ke5 30. Ng4+ Kd4 31. Kxe2 Rf7 32. Rd1+ Kc3 33. fxe4 Re7 34. Rd3+ Kxc2 35. Ne3+ Kb1 36. Rd2 Rxe4 37. Rd7 h6 38. Rxb7 Kxa2 39. Rxa7+ Kxb3 40. Kd3 Re5 41. Rb7+ Ka3 42. Nc4+ Ka4 43. Nxe5 Ka5 44. Kc4 Ka6 45. Rb1 1-0